Statistics for Etymology: Part One

Click here to take the quiz!

General Stats

  • This quiz has been taken 21 times
  • The average score is 256 of 320

Answer Stats

QuestionTileSelect% Correct
I'm Latin for "Born in Threes."AcetylcholineNo
94%
I'm Latin for "Born in Threes."AdrenalineNo
94%
I'm Latin for "Born in Threes."Basal GangliaNo
94%
I'm Latin for "Born in Threes."CeruleusNo
94%
I'm Latin for "Born in Threes."DopamineNo
94%
I'm Latin for "Born in Threes."GlutamateNo
94%
I'm Latin for "Born in Threes."GlycineNo
94%
I'm Latin for "Born in Threes."HippocampusNo
94%
I'm Latin for "Born in Threes."NorEpinephrineNo
94%
I'm Latin for "Born in Threes."OpiumNo
94%
I'm Latin for "Born in Threes."TrigeminalYes
94%
I'm Latin for "Born in Threes."VagusNo
94%
Im Greek for "Steps of Tumor" and later described by Greek Physician Galen as "Gathered into a Ball".AcetylcholineNo
89%
I'm Latin for "Covering."AcetylcholineNo
89%
I'm Latin for "Blue".AcetylcholineNo
89%
In Latin I mean "Wandering"AcetylcholineNo
89%
I'm Latin for "Blue".AdrenalineNo
89%
In Greek, I mean "Other Object"AdrenalineNo
89%
In Greek, I mean "Sweet."AdrenalineNo
89%
In Latin I mean "Wandering"AdrenalineNo
89%
My Amino Acid was found in 1866 from Wheat, which is where my name comes from.AdrenalineNo
89%
I'm Greek for "Poppy Juice."AdrenalineNo
89%
Im Greek for "Steps of Tumor" and later described by Greek Physician Galen as "Gathered into a Ball".AdrenalineNo
89%
My name has no fun origin. I'm named after the Acronym of my molecular partsAllostericNo
89%
I'm Latin for "Born in Threes."AllostericNo
89%
My name is frequently interchangeable with EpinephrineAllostericNo
89%
In Greek, I mean "Sweet."AllostericNo
89%
My Amino Acid was found in 1866 from Wheat, which is where my name comes from.AllostericNo
89%
Im Greek for "Steps of Tumor" and later described by Greek Physician Galen as "Gathered into a Ball".AllostericNo
89%
I'm Latin for "Blue".AllostericNo
89%
In Greek, I mean "Other Object"AmygdalaNo
89%
My Amino Acid was found in 1866 from Wheat, which is where my name comes from.AmygdalaNo
89%
In Latin I mean "Wandering"AmygdalaNo
89%
My name has no fun origin. I'm named after the Acronym of my molecular partsAmygdalaNo
89%
My name means, "I'm more or less the same chemical, except I'm missing a bonded group." In this case, I'm missing a methyl group.AmygdalaNo
89%
Which of these are amino acids?AmygdalaNo
89%
In Greek, I mean "Sweet."AmygdalaNo
89%
I'm Latin for "Blue".AmygdalaNo
89%
I'm Greek for "Poppy Juice."AmygdalaNo
89%
I'm Latin for "Born in Threes."AmygdalaNo
89%
My name is frequently interchangeable with EpinephrineAmygdalaNo
89%
In Greek, I mean "Sweet."Basal GangliaNo
89%
My Amino Acid was found in 1866 from Wheat, which is where my name comes from.Basal GangliaNo
89%
My name is frequently interchangeable with EpinephrineBasal GangliaNo
89%
My name means, "I'm more or less the same chemical, except I'm missing a bonded group." In this case, I'm missing a methyl group.Basal GangliaNo
89%
I'm Greek for "Poppy Juice."Basal GangliaNo
89%
I'm Latin for "Blue".Basal GangliaNo
89%
Which of these are amino acids?Basal GangliaNo
89%
I'm Latin for "Covering."Basal GangliaNo
89%
In Latin I mean "Wandering"CeruleusNo
89%
In Greek, I mean "Other Object"CeruleusNo
89%
Which of these are amino acids?CeruleusNo
89%
Im Greek for "Steps of Tumor" and later described by Greek Physician Galen as "Gathered into a Ball".CeruleusNo
89%
I'm Greek for "Poppy Juice."CeruleusNo
89%
My name has no fun origin. I'm named after the Acronym of my molecular partsCeruleusNo
89%
In Greek, I mean "Sweet."CeruleusNo
89%
My name is frequently interchangeable with EpinephrineCeruleusNo
89%
My name means, "I'm more or less the same chemical, except I'm missing a bonded group." In this case, I'm missing a methyl group.CeruleusNo
89%
I'm Latin for "Blue".DopamineNo
89%
In Greek, I mean "Other Object"DopamineNo
89%
My name is frequently interchangeable with EpinephrineDopamineNo
89%
Im Greek for "Steps of Tumor" and later described by Greek Physician Galen as "Gathered into a Ball".DopamineNo
89%
My Amino Acid was found in 1866 from Wheat, which is where my name comes from.DopamineNo
89%
I'm Latin for "Blue".GlutamateNo
89%
In Greek, I mean "Other Object"GlutamateNo
89%
I'm Greek for "Poppy Juice."GlutamateNo
89%
My name means, "I'm more or less the same chemical, except I'm missing a bonded group." In this case, I'm missing a methyl group.GlutamateNo
89%
My name is frequently interchangeable with EpinephrineGlutamateNo
89%
In Latin I mean "Wandering"GlutamateNo
89%
In Greek, I mean "Other Object"GlycineNo
89%
My name is frequently interchangeable with EpinephrineGlycineNo
89%
Im Greek for "Steps of Tumor" and later described by Greek Physician Galen as "Gathered into a Ball".GlycineNo
89%
I'm Latin for "Blue".GlycineNo
89%
In Latin I mean "Wandering"GlycineNo
89%
I'm Latin for "Blue".HippocampusNo
89%
In Greek, I mean "Other Object"HippocampusNo
89%
I'm Greek for "Poppy Juice."HippocampusNo
89%
My Amino Acid was found in 1866 from Wheat, which is where my name comes from.HippocampusNo
89%
In Greek, I mean "Sweet."HippocampusNo
89%
My name has no fun origin. I'm named after the Acronym of my molecular partsHippocampusNo
89%
My name means, "I'm more or less the same chemical, except I'm missing a bonded group." In this case, I'm missing a methyl group.HippocampusNo
89%
In Latin I mean "Wandering"HippocampusNo
89%
My name is frequently interchangeable with EpinephrineHippocampusNo
89%
My name means, "I'm more or less the same chemical, except I'm missing a bonded group." In this case, I'm missing a methyl group.LithiumNo
89%
My name has no fun origin. I'm named after the Acronym of my molecular partsLithiumNo
89%
Im Greek for "Steps of Tumor" and later described by Greek Physician Galen as "Gathered into a Ball".LithiumNo
89%
I'm Latin for "Covering."LithiumNo
89%
In Latin I mean "Wandering"LithiumNo
89%
I'm Latin for "Blue".LithiumNo
89%
I'm Latin for "Born in Threes."LithiumNo
89%
My Amino Acid was found in 1866 from Wheat, which is where my name comes from.LithiumNo
89%
My name is frequently interchangeable with EpinephrineLithiumNo
89%
I'm Latin for "Blue".NorEpinephrineNo
89%
I'm Latin for "Covering."NorEpinephrineNo
89%
My Amino Acid was found in 1866 from Wheat, which is where my name comes from.NorEpinephrineNo
89%
I'm Greek for "Poppy Juice."NorEpinephrineNo
89%
In Greek, I mean "Other Object"NorEpinephrineNo
89%
In Latin I mean "Wandering"NorEpinephrineNo
89%
Im Greek for "Steps of Tumor" and later described by Greek Physician Galen as "Gathered into a Ball".NorEpinephrineNo
89%
My name has no fun origin. I'm named after the Acronym of my molecular partsOpiumNo
89%
In Latin I mean "Wandering"OpiumNo
89%
My name means, "I'm more or less the same chemical, except I'm missing a bonded group." In this case, I'm missing a methyl group.OpiumNo
89%
In Greek, I mean "Other Object"OpiumNo
89%
I'm Latin for "Blue".OpiumNo
89%
My name is frequently interchangeable with EpinephrineOpiumNo
89%
Im Greek for "Steps of Tumor" and later described by Greek Physician Galen as "Gathered into a Ball".OpiumNo
89%
In Greek, I mean "Sweet."OpiumNo
89%
Which of these are amino acids?OpiumNo
89%
My name has no fun origin. I'm named after the Acronym of my molecular partsSerotoninNo
89%
In Greek, I mean "Other Object"SerotoninNo
89%
In Greek, I mean "Sweet."SerotoninNo
89%
I'm Greek for "Poppy Juice."SerotoninNo
89%
Im Greek for "Steps of Tumor" and later described by Greek Physician Galen as "Gathered into a Ball".SerotoninNo
89%
I'm Latin for "Born in Threes."SerotoninNo
89%
My Amino Acid was found in 1866 from Wheat, which is where my name comes from.SerotoninNo
89%
In Greek, I mean "Sweet."TrigeminalNo
89%
Which of these are amino acids?TrigeminalNo
89%
My name has no fun origin. I'm named after the Acronym of my molecular partsTrigeminalNo
89%
My name is frequently interchangeable with EpinephrineTrigeminalNo
89%
My name means, "I'm more or less the same chemical, except I'm missing a bonded group." In this case, I'm missing a methyl group.TrigeminalNo
89%
I'm Latin for "Blue".TrigeminalNo
89%
My Amino Acid was found in 1866 from Wheat, which is where my name comes from.TrigeminalNo
89%
Im Greek for "Steps of Tumor" and later described by Greek Physician Galen as "Gathered into a Ball".TrigeminalNo
89%
I'm Latin for "Blue".VagusNo
89%
My name means, "I'm more or less the same chemical, except I'm missing a bonded group." In this case, I'm missing a methyl group.VagusNo
89%
Im Greek for "Steps of Tumor" and later described by Greek Physician Galen as "Gathered into a Ball".VagusNo
89%
Which of these are amino acids?VagusNo
89%
In Greek, I mean "Sweet."VagusNo
89%
In Greek, I mean "Other Object"VagusNo
89%
I'm Greek for "Poppy Juice."VagusNo
89%
My name is frequently interchangeable with EpinephrineVagusNo
89%
I'm Greek for "Poppy Juice."AcetylcholineNo
83%
In Greek, I mean "Other Object"AcetylcholineNo
83%
I'm Latin for "Seahorse."AcetylcholineNo
83%
In Greek, I mean "Stone."AcetylcholineNo
83%
My name is frequently interchangeable with EpinephrineAcetylcholineNo
83%
In Greek, I mean "Sweet."AcetylcholineNo
83%
I'm Latin for "Seahorse."AdrenalineNo
83%
My name has no fun origin. I'm named after the Acronym of my molecular partsAdrenalineNo
83%
I'm Latin for "Covering."AdrenalineNo
83%
In Greek, I mean "Stone."AdrenalineNo
83%
My name means, "I'm more or less the same chemical, except I'm missing a bonded group." In this case, I'm missing a methyl group.AdrenalineNo
83%
Which of these are amino acids?AdrenalineNo
83%
I'm named after first being recognized to Constrict Blood VesselsAllostericNo
83%
I'm Greek for "Poppy Juice."AllostericNo
83%
Which of these are monoamines?AllostericNo
83%
Which of the following are Catecholamines?AllostericNo
83%
I'm Latin for "Seahorse."AllostericNo
83%
In Greek, I mean "Stone."AmygdalaNo
83%
Which of these are monoamines?AmygdalaNo
83%
I'm named after first being recognized to Constrict Blood VesselsAmygdalaNo
83%
I'm Latin for "Covering."AmygdalaNo
83%
Which of the following are Catecholamines?AmygdalaNo
83%
In Latin I mean "Wandering"Basal GangliaNo
83%
My name has no fun origin. I'm named after the Acronym of my molecular partsBasal GangliaNo
83%
Which of the following are Catecholamines?Basal GangliaNo
83%
I'm named after first being recognized to Constrict Blood VesselsCeruleusNo
83%
In Greek, I mean "Stone."CeruleusNo
83%
I mean "Vinegar Substance" in Latin and Greek respectively, and "Bile" in Greek.CeruleusNo
83%
I'm Latin for "Seahorse."CeruleusNo
83%
Which of the following are Catecholamines?CeruleusNo
83%
I mean "Vinegar Substance" in Latin and Greek respectively, and "Bile" in Greek.DopamineNo
83%
My name means, "I'm more or less the same chemical, except I'm missing a bonded group." In this case, I'm missing a methyl group.DopamineNo
83%
In Latin I mean "Wandering"DopamineNo
83%
I'm Greek for "Poppy Juice."DopamineNo
83%
In Greek, I mean "Sweet."DopamineNo
83%
In Greek, I mean "Stone."DopamineNo
83%
I'm Latin for "Covering."GlutamateNo
83%
My name has no fun origin. I'm named after the Acronym of my molecular partsGlutamateNo
83%
Which of the following are Catecholamines?GlutamateNo
83%
In Greek, I mean "Stone."GlycineNo
83%
I'm Latin for "Covering."GlycineNo
83%
Which of the following are Catecholamines?GlycineNo
83%
I'm Greek for "Poppy Juice."GlycineNo
83%
I'm Latin for "Seahorse."GlycineNo
83%
I mean "Vinegar Substance" in Latin and Greek respectively, and "Bile" in Greek.GlycineNo
83%
My name means, "I'm more or less the same chemical, except I'm missing a bonded group." In this case, I'm missing a methyl group.GlycineNo
83%
In Greek, I mean "Stone."HippocampusNo
83%
Which of these are monoamines?HippocampusNo
83%
Im Greek for "Steps of Tumor" and later described by Greek Physician Galen as "Gathered into a Ball".HippocampusNo
83%
I'm named after first being recognized to Constrict Blood VesselsHippocampusNo
83%
I'm Latin for "Covering."HippocampusNo
83%
Which of these are amino acids?HippocampusNo
83%
Which of the following are Catecholamines?HippocampusNo
83%
I mean "Vinegar Substance" in Latin and Greek respectively, and "Bile" in Greek.HippocampusNo
83%
In Greek, I mean "Sweet."LithiumNo
83%
In Greek, I mean "Other Object"LithiumNo
83%
I'm Greek for "Poppy Juice."LithiumNo
83%
I'm Latin for "Seahorse."LithiumNo
83%
Which of the following are Catecholamines?LithiumNo
83%
In Greek, I mean "Sweet."NorEpinephrineNo
83%
Which of these are amino acids?NorEpinephrineNo
83%
I mean "Vinegar Substance" in Latin and Greek respectively, and "Bile" in Greek.NorEpinephrineNo
83%
In Greek, I mean "Stone."NorEpinephrineNo
83%
I'm Latin for "Seahorse."NorEpinephrineNo
83%
My Amino Acid was found in 1866 from Wheat, which is where my name comes from.OpiumNo
83%
Which of these are monoamines?OpiumNo
83%
I'm named after first being recognized to Constrict Blood VesselsOpiumNo
83%
I'm Latin for "Seahorse."OpiumNo
83%
I'm Latin for "Seahorse."SerotoninNo
83%
In Latin I mean "Wandering"SerotoninNo
83%
I'm Latin for "Blue".SerotoninNo
83%
I mean "Vinegar Substance" in Latin and Greek respectively, and "Bile" in Greek.SerotoninNo
83%
In Greek, I mean "Stone."SerotoninNo
83%
My name is frequently interchangeable with EpinephrineSerotoninNo
83%
My name means, "I'm more or less the same chemical, except I'm missing a bonded group." In this case, I'm missing a methyl group.SerotoninNo
83%
Which of the following are Catecholamines?TrigeminalNo
83%
I'm Latin for "Seahorse."TrigeminalNo
83%
Which of these are monoamines?TrigeminalNo
83%
I mean "Vinegar Substance" in Latin and Greek respectively, and "Bile" in Greek.TrigeminalNo
83%
I'm Greek for "Poppy Juice."TrigeminalNo
83%
In Greek, I mean "Other Object"TrigeminalNo
83%
In Latin I mean "Wandering"TrigeminalNo
83%
In Greek, I mean "Stone."TrigeminalNo
83%
I'm named after first being recognized to Constrict Blood VesselsTrigeminalNo
83%
I mean "Vinegar Substance" in Latin and Greek respectively, and "Bile" in Greek.VagusNo
83%
My Amino Acid was found in 1866 from Wheat, which is where my name comes from.VagusNo
83%
Which of these are monoamines?VagusNo
83%
My Amino Acid was found in 1866 from Wheat, which is where my name comes from.AcetylcholineNo
78%
Which of these are amino acids?AcetylcholineNo
78%
I'm Latin for "Almond."AdrenalineNo
78%
In Greek, I mean "Stone."AllostericNo
78%
I mean "Vinegar Substance" in Latin and Greek respectively, and "Bile" in Greek.AllostericNo
78%
In Latin I mean "Wandering"AllostericNo
78%
My name means, "I'm more or less the same chemical, except I'm missing a bonded group." In this case, I'm missing a methyl group.AllostericNo
78%
Which of these are amino acids?AllostericNo
78%
I'm Latin for "Almond."AllostericNo
78%
I mean "Vinegar Substance" in Latin and Greek respectively, and "Bile" in Greek.AmygdalaNo
78%
I'm named after first being recognized to Constrict Blood VesselsBasal GangliaNo
78%
I'm Latin for "Seahorse."Basal GangliaNo
78%
Which of these are monoamines?Basal GangliaNo
78%
I'm Latin for "Almond."Basal GangliaNo
78%
My Amino Acid was found in 1866 from Wheat, which is where my name comes from.CeruleusNo
78%
I'm Latin for "Blue".CeruleusYes
78%
Which of these are monoamines?CeruleusNo
78%
I'm Latin for "Almond."DopamineNo
78%
I'm Latin for "Seahorse."DopamineNo
78%
I'm Latin for "Covering."DopamineNo
78%
I'm Latin for "Almond."GlutamateNo
78%
I'm Latin for "Seahorse."GlutamateNo
78%
I mean "Vinegar Substance" in Latin and Greek respectively, and "Bile" in Greek.GlutamateNo
78%
In Greek, I mean "Stone."GlutamateNo
78%
Im Greek for "Steps of Tumor" and later described by Greek Physician Galen as "Gathered into a Ball".GlutamateNo
78%
I'm named after first being recognized to Constrict Blood VesselsGlutamateNo
78%
My name has no fun origin. I'm named after the Acronym of my molecular partsGlycineNo
78%
I'm named after first being recognized to Constrict Blood VesselsGlycineNo
78%
My Amino Acid was found in 1866 from Wheat, which is where my name comes from.GlycineNo
78%
I'm Latin for "Almond."HippocampusNo
78%
I mean "Vinegar Substance" in Latin and Greek respectively, and "Bile" in Greek.LithiumNo
78%
I'm Latin for "Almond."LithiumNo
78%
Which of these are monoamines?LithiumNo
78%
Which of these are amino acids?LithiumNo
78%
I'm named after first being recognized to Constrict Blood VesselsLithiumNo
78%
Which of the following are Catecholamines?OpiumNo
78%
I mean "Vinegar Substance" in Latin and Greek respectively, and "Bile" in Greek.OpiumNo
78%
In Greek, I mean "Stone."OpiumNo
78%
I'm Latin for "Almond."OpiumNo
78%
I'm Latin for "Almond."SerotoninNo
78%
I'm Latin for "Covering."SerotoninNo
78%
Which of these are amino acids?SerotoninNo
78%
Which of the following are Catecholamines?VagusNo
78%
In Greek, I mean "Stone."VagusNo
78%
I'm Latin for "Seahorse."VagusNo
78%
I'm Latin for "Covering."VagusNo
78%
My name has no fun origin. I'm named after the Acronym of my molecular partsVagusNo
78%
I'm named after first being recognized to Constrict Blood VesselsAcetylcholineNo
72%
I'm Latin for "Almond."AcetylcholineNo
72%
Which of these are monoamines?AcetylcholineNo
72%
My name has no fun origin. I'm named after the Acronym of my molecular partsAcetylcholineNo
72%
My name means, "I'm more or less the same chemical, except I'm missing a bonded group." In this case, I'm missing a methyl group.AcetylcholineNo
72%
I mean "Vinegar Substance" in Latin and Greek respectively, and "Bile" in Greek.AdrenalineNo
72%
I'm named after first being recognized to Constrict Blood VesselsAdrenalineNo
72%
I'm Latin for "Covering."AllostericNo
72%
I'm Latin for "Seahorse."AmygdalaNo
72%
Im Greek for "Steps of Tumor" and later described by Greek Physician Galen as "Gathered into a Ball".AmygdalaNo
72%
I mean "Vinegar Substance" in Latin and Greek respectively, and "Bile" in Greek.Basal GangliaNo
72%
In Greek, I mean "Stone."Basal GangliaNo
72%
In Greek, I mean "Other Object"Basal GangliaNo
72%
I'm Latin for "Almond."CeruleusNo
72%
I'm Latin for "Covering."CeruleusNo
72%
I'm named after first being recognized to Constrict Blood VesselsDopamineNo
72%
I'm Latin for "Almond."GlycineNo
72%
I'm Latin for "Almond."NorEpinephrineNo
72%
I'm Greek for "Poppy Juice."OpiumYes
72%
I'm Latin for "Covering."OpiumNo
72%
I'm Latin for "Almond."TrigeminalNo
72%
I'm named after first being recognized to Constrict Blood VesselsVagusNo
72%
Which of these are amino acids?DopamineNo
67%
Which of these are monoamines?GlutamateNo
67%
In Greek, I mean "Sweet."GlutamateNo
67%
I'm Latin for "Seahorse."HippocampusYes
67%
I'm named after first being recognized to Constrict Blood VesselsNorEpinephrineNo
67%
I'm Latin for "Almond."VagusNo
67%
In Greek, I mean "Sweet."GlycineYes
61%
Which of the following are Catecholamines?SerotoninNo
61%
In Greek, I mean "Other Object"AllostericYes
56%
I'm Latin for "Almond."AmygdalaYes
56%
Which of these are monoamines?GlycineNo
56%
My name has no fun origin. I'm named after the Acronym of my molecular partsNorEpinephrineNo
56%
In Latin I mean "Wandering"VagusYes
56%
Im Greek for "Steps of Tumor" and later described by Greek Physician Galen as "Gathered into a Ball".Basal GangliaYes
50%
In Greek, I mean "Stone."LithiumYes
50%
My name is frequently interchangeable with EpinephrineNorEpinephrineNo
50%
Which of the following are Catecholamines?AcetylcholineNo
44%
Which of the following are Catecholamines?DopamineYes
44%
My Amino Acid was found in 1866 from Wheat, which is where my name comes from.GlutamateYes
44%
Which of these are amino acids?GlycineYes
44%
My name is frequently interchangeable with EpinephrineAdrenalineYes
39%
Which of these are monoamines?AdrenalineYes
39%
I mean "Vinegar Substance" in Latin and Greek respectively, and "Bile" in Greek.AcetylcholineYes
33%
Which of these are monoamines?DopamineYes
33%
My name means, "I'm more or less the same chemical, except I'm missing a bonded group." In this case, I'm missing a methyl group.NorEpinephrineYes
33%
Which of these are monoamines?SerotoninYes
33%
Which of the following are Catecholamines?AdrenalineYes
22%
Which of these are amino acids?GlutamateYes
22%
I'm Latin for "Covering."TegmentumYes
22%
Which of these are monoamines?NorEpinephrineYes
11%
I'm named after first being recognized to Constrict Blood VesselsSerotoninYes
11%
My name has no fun origin. I'm named after the Acronym of my molecular partsDopamineYes
6%
Which of the following are Catecholamines?NorEpinephrineYes
6%

Score Distribution

Percentile by Number Answered

Percent of People with Each Score

Your Score History

You have not taken this quiz